Statistics for 1st grade math quiz!!!

Click here to take the quiz!

General Stats

  • This quiz has been taken 294 times
    (243 since last reset)
  • The average score is 19 of 21

Answer Stats

Hint Answer % Correct
1+12
99%
5-05
99%
13-121
99%
10+212
98%
5+38
97%
0+0+0+0+0+0+0+0+11+0+0+0+0+011
96%
2+2+2-60
95%
0+11+1+113
91%
12-93
88%
11+617
87%
10+1020
87%
7+916
86%
19-154
86%
20-119
86%
Question for A+ : Whats bigger: frog or elephant?Elephant
86%
ITS OVER...9000
5%

Score Distribution

Percentile by Number Answered

Percent of People with Each Score

Your Score History

You have not taken this quiz since the last reset